Statistics for Highest Goalscorers in the Champions League by Nationality

Click here to take the quiz!

General Stats

  • This quiz has been taken 205 times
  • The average score is 38 of 64

Answer Stats

No. of GoalsNationalityMain ClubYearsAnswer% Correct
140PortugalReal Madrid2002-Cristiano Ronaldo
100%
129ArgentinaBarcelona2004-Lionel Messi
100%
91PolandBayern Munich2006-Robert Lewandowski
99%
44EgyptLiverpool2010-Mohamed Salah
98%
53GermanyBayern Munich2008-Thomas Müller
97%
48SwedenParis Saint-Germain1999-Zlatan Ibrahimović
97%
44Cote d'IvoireChelsea1998-2018Didier Drogba
96%
35UruguayParis Saint-Germain2006-Edinson Cavani
96%
33NorwayBorussia Dortmund2016-Erling Haaland
96%
43BrazilParis Saint-Germain2009-Neymar Jr.
96%
27SenegalLiverpool2012-Sadio Mané
96%
28Bosnia and HerzegovinaAS Roma2003-Edin Džeko
95%
89FranceReal Madrid2004-Karim Benzema
95%
30CameroonBarcelona1997-2019Samuel Eto'o
95%
19South KoreaTottenham Hotspur2010-Son Heung-min
95%
30EnglandManchester United2002-2021Wayne Rooney
95%
15ChileArsenal2005-Alexis Sánchez
94%
20AlgeriaManchester City2009-Riyad Mahrez
94%
28WalesManchester United1990-2014Ryan Giggs
94%
48UkraineAC Milan1993-2012Andriy Shevchenko
93%
17MexicoReal Madrid1976-1997Hugo Sánchez
93%
35HungaryReal Madrid1943-1966Ferenc Puskás
92%
17GabonBorussia Dortmund2008-Pierre-Emerick Aubameyang
92%
71SpainReal Madrid1994-2015Raúl González
92%
56NetherlandsManchester United1993-2012Ruud van Nistelrooy
89%
21CroatiaJuventus2004-2021Mario Mandžukić
86%
15Czech RepublicJuventus1990-2009Pavel Nedvěd
85%
14IrelandManchester United1989-2006Roy Keane
85%
15ChileJuventus2005-Arturo Vidal
81%
17BulgariaBarcelona1982-2003Hristo Stoichkov
81%
46ItalyAC Milan1991-2012Filippo Inzaghi
80%
23FinlandAjax Amsterdam1987-2011Jari Litmanen
73%
11GhanaChelsea2000-2020Michael Essien
72%
15ScotlandLiverpool1969-1990Kenny Dalglish
71%
15RomaniaSteaua Bucharest1982-2001Gheorghe Hagi
70%
11TogoArsenal2001-2020Emmanuel Adebayor
68%
21PeruBayern Munich1996-2020Claudio Pizarro
65%
8MoroccoAjax Amsterdam2012-Hakim Ziyech
61%
11Trinidad and TobagoManchester United1990-2009Dwight Yorke
60%
8IranFC Porto2010-Mehdi Taremi
54%
13ColombiaFC Porto2004-2020Jackson Martínez
38%
13TurkeyGalatasaray2002-Burak Yilmaz
36%
13TurkeyGalatasaray1987-2008Hakan Şükür
36%
9NigeriaInter Milan2000-2020Obafemi Martins
30%
11ParaguayBenfica2003-Óscar Cardozo
28%
14GreeceOlympiacos2006-Kostas Mitroglou
26%
9South AfricaFC Porto1995-2013Benni McCarthy
22%
8MoroccoBordeaux2002-2016Marouane Chamakh
22%
8MaliFC Porto2011-Moussa Marega
21%
10AustriaAustria Vienna1982-2000Toni Polster
15%
11SloveniaFC Porto1989-2009Zlatko Zahovič
11%
11North Macedonia / YugoslaviaRed Star Belgrade1982-1997Darko Pančev
9%
8New ZealandWerder Bremen1980-2002Wynton Rufer
9%
20BelgiumAnderlecht1959-1977Paul Van Himst
8%
14DenmarkAjax Amsterdam1975-1990Søren Lerby
7%
13TurkeyGalatasaray1954-1969Metin Oktay
6%
11SwitzerlandGrasshoppers Zürich1972-1989Claudio Sulser
5%
11CyprusPanathinaikos1993-2013Michalis Konstantinou
5%
10AustriaFC Wacker Innsbruck1980-1996Peter Pacult
5%
13Russia / USSRBenfica1985-2001Sergey Yuran
5%
18Slovakia (Czechoslovakia)Spartak Trnava1959-1977Jozef Adamec
4%
11UzbekistanDinamo Kiev1996-2016Maksim Shatskikh
3%
17Serbia (Yugoslavia)Red Star Belgrade1951-1967Bora Kostić
2%
12Montenegro (Yugoslavia)Red Star Belgrade1970-1986Zoran Filipović
2%

Score Distribution

Percentile by Number Answered

Percent of People with Each Score

Your Score History

You have not taken this quiz